000 00584nam a2200205Ia 4500
001 b557-23937 [2756]
003 IT-MiCISF
008 161014s9999||||xx |||||||||||||| ||und||
040 _aIT-MiCISF
_cIT-MiCISF
041 _ait
100 _aBerne Eric
245 0 _aFare l'amore
250 _a1a ed.
260 _a Milano
_bBompiani
_c1971 [Edizione originale: 1970]
300 _app. 255
500 _a / sessualità, educazione-sessuale, comportamento-sessuale, rapporti-uomo-donna, corpo, piacere /
650 _asessualità
942 _cBK
957 _71
999 _a23937
_bsi
_g1
_c211561
_d211561